000 00386nam a2200145Ia 4500
008 231129s1997||||xx |||||||||||||| ||spa||
020 _a968-6454-53-5
040 _bspa
082 _aM863 A473a
100 _aAlvarez Alfredo Juan
245 0 _aAscension a Dolores Trompeta
260 _c1997
264 _aEdiciones sin nombre
942 _2ddc
_cBKS
999 _c5671
_d5671